[Event "Titled Tuesday intern op 21st May Early"]
[Site "Chess.com INT"]
[Date "2024.05.21"]
[Round "6"]
[White "Kuzubov, Yuriy"]
[Black "Dyachuk, Artem"]
[Result "1-0"]
[WhiteElo "2606"]
[BlackElo "2249"]
[PlyCount "117"]
[EventDate "2024.05.21"]
[EventType "swiss (blitz)"]
[EventRounds "11"]
[EventCountry "USA"]
[SourceTitle "CB22_2024"]
[SourceDate "2024.05.29"]
[SourceVersion "1"]
[SourceVersionDate "2024.05.29"]
[SourceQuality "1"]

1. e4 e5 2. Nf3 Nc6 3. Bb5 a6 4. Ba4 Nf6 5. d3 Bc5 6. Bxc6 dxc6 7. Nbd2 Nd7 8. Nf1 0-0 9. h4 Re8 10. h5 Nf8 11. Ng3 Bg4 12. Be3 Ne6 13. Bxc5 Nxc5 14. Qd2 Qf6 15. Nh2 Bd7 16. 0-0-0 Rad8 17. Rdf1 Be6 18. Kb1 Rd4 19. f4 exf4 20. Rxf4 Qd8 21. h6 g6 22. Nf3 Rd7 23. Qc3 Bxa2+ 24. Kxa2 Ne6 25. Rf6 Qe7 26. Kb1 Nc5 27. Rf4 Ne6 28. Rf1 f6 29. Rh4 Rf8 30. Rhh1 b5 31. Ne2 b4 32. Qc4 Rd6 33. Nfd4 Re8 34. Nxe6 Qxe6 35. Qxe6+ Rexe6 36. g4 Re5 37. b3 Rg5 38. Rhg1 Kf7 39. Kc1 Ra5 40. Kd2 Ke7 41. Ra1 Re5 42. Rxa6 Rxe4 43. Ra7 Rd7 44. Rg3 Re5 45. Re3 Kd6 46. Rxe5 Kxe5 47. Ke3 f5 48. g5 f4+ 49. Nxf4 Kf5 50. Ra5+ Kg4 51. Re5 Rf7 52. Ne6 Rf3+ 53. Kd4 Rf2 54. Rc5 Rf7 55. Kc4 Re7 56. Nd4 Rf7 57. Kxb4 Rf4 58. Kc4 Rf1 59. b4 1-0

[Event "Titled Tuesday intern op 21st May Late"]
[Site "Chess.com INT"]
[Date "2024.05.21"]
[Round "4"]
[White "Kuzubov, Yuriy"]
[Black "Kavutskiy, Konstantin"]
[Result "1-0"]
[WhiteElo "2606"]
[BlackElo "2350"]
[PlyCount "63"]
[EventDate "2024.05.21"]
[EventType "swiss (blitz)"]
[EventRounds "11"]
[EventCountry "USA"]
[SourceTitle "CB22_2024"]
[SourceDate "2024.05.29"]
[SourceVersion "1"]
[SourceVersionDate "2024.05.29"]
[SourceQuality "1"]

1. d4 Nf6 2. c4 g6 3. Nc3 Bg7 4. e4 d6 5. Nge2 0-0 6. Ng3 a6 7. Be2 h5 8. Bg5 Nh7 9. Be3 c5 10. d5 b5 11. 0-0 h4 12. Nh1 Nd7 13. f4 Rb8 14. g4 bxc4 15. Qd2 g5 16. fxg5 Ne5 17. Nf2 h3 18. Nxh3 Bxg4 19. Nf4 Qd7 20. Kh1 Nxg5 21. Rg1 Ngf3 22. Qc2 Nxg1 23. Rxg1 f5 24. Ne6 Rf6 25. exf5 Rxe6 26. fxe6 Bxe6 27. Bh6 Bg4 28. Bxg7 Kxg7 29. Bxg4 Nxg4 30. Qe4 Rxb2 31. Rxg4+ Kh6 32. Qg6# 1-0

[Event "Titled Tuesday intern op 21st May Early"]
[Site "Chess.com INT"]
[Date "2024.05.21"]
[Round "3"]
[White "Kuzubov, Yuriy"]
[Black "Sharapov, Evgeny"]
[Result "1-0"]
[WhiteElo "2606"]
[BlackElo "2375"]
[PlyCount "93"]
[EventDate "2024.05.21"]
[EventType "swiss (blitz)"]
[EventRounds "11"]
[EventCountry "USA"]
[SourceTitle "CB22_2024"]
[SourceDate "2024.05.29"]
[SourceVersion "1"]
[SourceVersionDate "2024.05.29"]
[SourceQuality "1"]

1. d4 d5 2. c4 c6 3. Nf3 Nf6 4. Nc3 e6 5. e3 Nbd7 6. Be2 dxc4 7. a4 Bb4 8. Bxc4 Qa5 9. Qc2 0-0 10. 0-0 e5 11. Rd1 exd4 12. Nxd4 Nb6 13. Be2 Bg4 14. f3 Bd7 15. e4 Rad8 16. Nb3 Qh5 17. a5 Nc8 18. Be3 Rfe8 19. Bf1 Bd6 20. Rxd6 Nxd6 21. Bxa7 Be6 22. Bf2 Bc4 23. Nc5 Bxf1 24. Rxf1 Qe5 25. b4 Qe7 26. Bh4 Nc4 27. Qe2 Ne5 28. f4 Ng6 29. Bxf6 Qxf6 30. e5 Qe7 31. N3e4 Rd4 32. Qb2 Rd5 33. g3 Nf8 34. Nd6 Rxd6 35. exd6 Qxd6 36. Nxb7 Qd3 37. Nc5 Qe3+ 38. Qf2 Qc3 39. Rb1 Ne6 40. Nxe6 Rxe6 41. a6 Qd3 42. Ra1 Re2 43. a7 h5 44. a8Q+ Kh7 45. Qa3 Qd2 46. Qxe2 Qxe2 47. Qc3 1-0

[Event "Titled Tuesday intern op 21st May Late"]
[Site "Chess.com INT"]
[Date "2024.05.21"]
[Round "1"]
[White "Melaugh, Shane"]
[Black "Kuzubov, Yuriy"]
[Result "0-1"]
[WhiteElo "2102"]
[BlackElo "2606"]
[PlyCount "74"]
[EventDate "2024.05.21"]
[EventType "swiss (blitz)"]
[EventRounds "11"]
[EventCountry "USA"]
[SourceTitle "CB22_2024"]
[SourceDate "2024.05.29"]
[SourceVersion "1"]
[SourceVersionDate "2024.05.29"]
[SourceQuality "1"]

1. e4 c5 2. Nf3 Nc6 3. g3 g6 4. Bg2 Bg7 5. 0-0 e6 6. c3 Nge7 7. d4 cxd4 8. cxd4 d5 9. e5 0-0 10. Bg5 h6 11. Be3 Nf5 12. Nc3 Nxe3 13. fxe3 Bd7 14. Rc1 Rc8 15. e4 dxe4 16. Nxe4 Nb4 17. Nd6 Rxc1 18. Qxc1 Bc6 19. a3 Nd5 20. b4 Qb6 21. Qc5 Ne3 22. Re1 Nxg2 23. Kxg2 Rd8 24. Qxb6 axb6 25. Kf2 Bf8 26. Ne4 Be7 27. Ke3 Ra8 28. Rb1 Rxa3+ 29. Kf4 g5+ 30. Nfxg5 hxg5+ 31. Nxg5 Rd3 32. b5 Bd5 33. h4 Rxd4+ 34. Ke3 Rg4 35. Kf2 Bxg5 36. hxg5 Rxg5 37. Rc1 Rxe5 0-1

[Event "Titled Tuesday intern op 21st May Late"]
[Site "Chess.com INT"]
[Date "2024.05.21"]
[Round "7"]
[White "Riehle, Marco"]
[Black "Kuzubov, Yuriy"]
[Result "1-0"]
[WhiteElo "2380"]
[BlackElo "2606"]
[PlyCount "101"]
[EventDate "2024.05.21"]
[EventType "swiss (blitz)"]
[EventRounds "11"]
[EventCountry "USA"]
[SourceTitle "CB22_2024"]
[SourceDate "2024.05.29"]
[SourceVersion "1"]
[SourceVersionDate "2024.05.29"]
[SourceQuality "1"]

1. e4 c5 2. a3 g6 3. h4 d5 4. exd5 Nf6 5. h5 gxh5 6. Nc3 Bg7 7. Bc4 Nbd7 8. d3 Nb6 9. Bg5 Nbxd5 10. Nxd5 Nxd5 11. Qxh5 Be6 12. 0-0-0 Qb6 13. Bb3 Nc7 14. Ba4+ Kf8 15. c3 h6 16. Bf4 Nd5 17. Be5 Nf6 18. Qh4 Qa6 19. Bc2 b5 20. Nf3 b4 21. axb4 cxb4 22. Qxb4 Nd5 23. Qc4 Qb6 24. Bd4 Qb7 25. Rde1 Rb8 26. Kd2 Bf6 27. Bxf6 Nxf6 28. Rxe6 fxe6 29. Nd4 Qd5 30. Nxe6+ Kf7 31. Qxd5 Nxd5 32. Nd4 Rxb2 33. Ra1 Rc8 34. c4 Nb4 35. Rxa7 Nxc2 36. Nxc2 Rd8 37. Kc3 Rb1 38. Ne3 Rdb8 39. Nd5 Re1 40. c5 Rbb1 41. d4 Rbc1+ 42. Kd3 Red1+ 43. Ke4 Rc4 44. Rxe7+ Kf8 45. Rd7 Rdxd4+ 46. Ke5 Rd2 47. Kd6 Rcd4 48. Ke6 Re2+ 49. Kd6 Red2 50. Ke6 Re2+ 51. Ne3 1-0

[Event "Titled Tuesday intern op 14th May Late"]
[Site "Chess.com INT"]
[Date "2024.05.14"]
[Round "5"]
[White "Do Valle Cardoso, Lucas"]
[Black "Kuzubov, Yuriy"]
[Result "0-1"]
[WhiteElo "2371"]
[BlackElo "2606"]
[PlyCount "82"]
[EventDate "2024.05.14"]
[EventType "swiss (blitz)"]
[EventRounds "11"]
[EventCountry "USA"]
[SourceTitle "CB21_2024"]
[SourceDate "2024.05.22"]
[SourceVersion "1"]
[SourceVersionDate "2024.05.22"]
[SourceQuality "1"]

1. e4 e5 2. Nf3 Nf6 3. Nxe5 d6 4. Nf3 Nxe4 5. c4 Nc6 6. Nc3 Nxc3 7. dxc3 g6 8. Bg5 Be7 9. Bh6 Bf8 10. Bg5 Be7 11. Bh6 Bf8 12. Bxf8 Kxf8 13. Qd2 Kg7 14. 0-0-0 Re8 15. h4 Bg4 16. Qf4 h5 17. c5 Re6 18. cxd6 Rxd6 19. Rxd6 Qxd6 20. Qxd6 cxd6 21. Ng5 Re8 22. f3 Bf5 23. Kd2 d5 24. Bb5 a6 25. Ba4 b5 26. Bb3 f6 27. Nh3 Bxh3 28. Rxh3 d4 29. Rh1 dxc3+ 30. bxc3 Na5 31. Rd1 Nxb3+ 32. axb3 Rd8+ 33. Kc2 Rxd1 34. Kxd1 Kf7 35. b4 Ke6 36. Kc2 Ke5 37. g3 g5 38. hxg5 fxg5 39. Kd3 h4 40. f4+ Kf5 41. fxg5 h3 0-1

[Event "Titled Tuesday intern op 14th May Late"]
[Site "Chess.com INT"]
[Date "2024.05.14"]
[Round "11"]
[White "Zhigalko, Sergei"]
[Black "Kuzubov, Yuriy"]
[Result "1-0"]
[WhiteElo "2572"]
[BlackElo "2606"]
[PlyCount "59"]
[EventDate "2024.05.14"]
[EventType "swiss (blitz)"]
[EventRounds "11"]
[EventCountry "USA"]
[SourceTitle "CB21_2024"]
[SourceDate "2024.05.22"]
[SourceVersion "1"]
[SourceVersionDate "2024.05.22"]
[SourceQuality "1"]

1. e4 c5 2. Nf3 Nc6 3. c3 Nf6 4. e5 Nd5 5. Bc4 Nb6 6. Bb3 d5 7. exd6 Qxd6 8. 0-0 Bf5 9. d4 cxd4 10. Nxd4 Nxd4 11. cxd4 e6 12. Nc3 Be7 13. Qf3 0-0 14. d5 Rad8 15. Be3 Bf6 16. Rad1 Qb8 17. h3 Kh8 18. Rfe1 Bg6 19. dxe6 fxe6 20. Rxd8 Rxd8 21. Bxe6 Bxc3 22. bxc3 Qe5 23. Bb3 Qxc3 24. Rc1 Qa5 25. Qxb7 Nd5 26. Bg5 Nf6 27. Bxf6 gxf6 28. Qe7 Qb6 29. Rc7 Rd1+ 30. Bxd1 1-0

[Event "Chess.com Classic Play In"]
[Site "Chess.com INT"]
[Date "2024.05.08"]
[Round "1"]
[White "Kobo, Ori"]
[Black "Kuzubov, Yuriy"]
[Result "0-1"]
[WhiteElo "2533"]
[BlackElo "2606"]
[PlyCount "94"]
[EventDate "2024.05.08"]
[EventType "swiss (rapid)"]
[EventRounds "9"]
[EventCountry "USA"]
[SourceTitle "CB20_2024"]
[SourceDate "2024.05.16"]
[SourceVersion "1"]
[SourceVersionDate "2024.05.16"]
[SourceQuality "1"]

1. Nf3 d5 2. e3 Nf6 3. c4 e6 4. Nc3 Be7 5. b3 dxc4 6. Bxc4 c5 7. Bb2 Nc6 8. 0-0 0-0 9. Qe2 a6 10. a4 e5 11. h3 h6 12. d3 Re8 13. Rfd1 Bf8 14. Ne4 Nd5 15. Rac1 Rb8 16. Nfd2 Be6 17. Nc3 Nc7 18. Nde4 b5 19. axb5 axb5 20. Bxe6 Nxe6 21. Qf3 Na5 22. Nd5 Ng5 23. Nxg5 hxg5 24. b4 Nb7 25. bxc5 Nxc5 26. Nb4 Qb6 27. Nd5 Qg6 28. d4 Nd3 29. Rb1 e4 30. Qg3 Qf5 31. Nc7 Rbd8 32. Nxe8 Rxe8 33. Bc3 b4 34. Bd2 Re6 35. Be1 Bd6 36. Qg4 Qd5 37. Ra1 g6 38. Ra7 Kg7 39. Rda1 b3 40. Qe2 b2 41. Rb1 Qb3 42. Ra8 Be7 43. Qd2 Bb4 44. Qe2 Bxe1 45. d5 Bxf2+ 46. Kh2 Qxd5 47. Qc2 Qxa8 0-1

[Event "Titled Tuesday intern op 30th Apr Early"]
[Site "Chess.com INT"]
[Date "2024.04.30"]
[Round "8"]
[White "Gorovets, Andrey"]
[Black "Kuzubov, Yuriy"]
[Result "1/2-1/2"]
[WhiteElo "2480"]
[BlackElo "2606"]
[PlyCount "112"]
[EventDate "2024.04.30"]
[EventType "swiss (blitz)"]
[EventRounds "11"]
[EventCountry "USA"]
[SourceTitle "CB19_2024"]
[SourceDate "2024.05.08"]
[SourceVersion "1"]
[SourceVersionDate "2024.05.08"]
[SourceQuality "1"]

1. Nf3 d5 2. g3 Nf6 3. Bg2 Bg4 4. c4 c6 5. h3 Bxf3 6. Bxf3 Nbd7 7. cxd5 cxd5 8. Qb3 Nc5 9. Qb5+ Qd7 10. Nc3 e6 11. d3 a6 12. Qxd7+ Ncxd7 13. Bd2 Bd6 14. 0-0 Ke7 15. Rac1 Rac8 16. e3 b5 17. Nb1 Nc5 18. Be2 h5 19. Kg2 Kd7 20. Rc2 Na4 21. Rfc1 Rxc2 22. Rxc2 g6 23. f3 Rb8 24. Ba5 e5 25. f4 e4 26. d4 Nb6 27. b3 Nc8 28. Be1 Ne7 29. g4 hxg4 30. hxg4 Rh8 31. a4 bxa4 32. bxa4 g5 33. fxg5 Nh7 34. Bxa6 Nxg5 35. Bb5+ Ke6 36. Bf2 Rh2+ 37. Kf1 Rh1+ 38. Bg1 Nf3 39. Rg2 Bh2 40. Rxh2 Nxh2+ 41. Kg2 Rxg1+ 42. Kxg1 Nxg4 43. a5 Nc8 44. Na3 Nxe3 45. Ba6 Na7 46. Nb5 Nxb5 47. Bxb5 Kd6 48. a6 Kc7 49. Kf2 Nf5 50. a7 Kb7 51. Bc6+ Kxa7 52. Bxd5 Nd6 53. Ke3 f5 54. Be6 Kb6 55. Bxf5 Nxf5+ 56. Kxe4 Nxd4 1/2-1/2

[Event "Titled Tuesday intern op 30th Apr Early"]
[Site "Chess.com INT"]
[Date "2024.04.30"]
[Round "5"]
[White "Kuzubov, Yuriy"]
[Black "Sarana, Alexey"]
[Result "1-0"]
[WhiteElo "2606"]
[BlackElo "2703"]
[PlyCount "127"]
[EventDate "2024.04.30"]
[EventType "swiss (blitz)"]
[EventRounds "11"]
[EventCountry "USA"]
[SourceTitle "CB19_2024"]
[SourceDate "2024.05.08"]
[SourceVersion "1"]
[SourceVersionDate "2024.05.08"]
[SourceQuality "1"]

1. d4 Nf6 2. c4 e6 3. Nf3 d5 4. Nc3 Bb4 5. Bg5 h6 6. Bxf6 Qxf6 7. e3 0-0 8. Rc1 Rd8 9. Qb3 Nc6 10. a3 Ba5 11. Be2 Ne7 12. Qa4 Bxc3+ 13. Rxc3 Bd7 14. Qc2 Bc6 15. Ne5 dxc4 16. 0-0 Bd5 17. e4 Bc6 18. Rf3 Qh4 19. Rxf7 Rxd4 20. Nxc6 Nxc6 21. Rxc7 Qf4 22. Rxb7 Ne5 23. g3 Qxe4 24. Qxe4 Rxe4 25. Bd1 a5 26. Rb5 Ra7 27. f3 Re3 28. Kf2 Ng4+ 29. fxg4 Rd3 30. Rb8+ Kf7 31. Bc2 Rdd7 32. Ke3+ Ke7 33. Rbf8 Kd6 34. Rd1+ Ke5 35. Rxd7 Rxd7 36. Rf4 Rb7 37. Rxc4 Rxb2 38. a4 Kd5 39. Rd4+ Kc5 40. Rd2 Ra2 41. Bd1 Ra3+ 42. Rd3 Ra2 43. h4 g5 44. hxg5 hxg5 45. Rc3+ Kd6 46. Rb3 Ra1 47. Bc2 Ra2 48. Rc3 e5 49. Ke4 Ra1 50. Bb3 Ra3 51. Kf5 Ra1 52. Rd3+ Kc5 53. Kxe5 Kb4 54. Kf5 Ra3 55. Bc2 Ra2 56. Rd2 Kc3 57. Re2 Rxc2 58. Rxc2+ Kxc2 59. Kxg5 Kb3 60. Kf4 Kxa4 61. g5 Kb3 62. g6 a4 63. g7 a3 64. g8Q+ 1-0

[Event "Titled Tuesday intern op 30th Apr Early"]
[Site "Chess.com INT"]
[Date "2024.04.30"]
[Round "4"]
[White "Kuzubov, Yuriy"]
[Black "Velikanov, Alexander"]
[Result "1-0"]
[WhiteElo "2606"]
[BlackElo "2387"]
[PlyCount "45"]
[EventDate "2024.04.30"]
[EventType "swiss (blitz)"]
[EventRounds "11"]
[EventCountry "USA"]
[SourceTitle "CB19_2024"]
[SourceDate "2024.05.08"]
[SourceVersion "1"]
[SourceVersionDate "2024.05.08"]
[SourceQuality "1"]

1. d4 Nf6 2. c4 g6 3. Nc3 Bg7 4. e4 d6 5. Nge2 c5 6. d5 0-0 7. Ng3 e6 8. Bd3 exd5 9. cxd5 Na6 10. 0-0 Nc7 11. Bf4 Ng4 12. Qd2 Ne5 13. Be2 Rb8 14. Bh6 b5 15. Bxg7 Kxg7 16. f4 Nc4 17. Bxc4 bxc4 18. e5 Nb5 19. f5 dxe5 20. f6+ Kh8 21. Rae1 Nd4 22. Re4 Rb6 23. Qh6 1-0